| 000 | 00792nam a22002297a 4500 | ||
|---|---|---|---|
| 005 | 20170206095051.0 | ||
| 010 | _aB-528974-975 ENG-110473 | ||
| 020 |
_a8188069515 _c295.00 |
||
| 035 | _aB-528974-975 | ||
| 035 | _aEN-94005 | ||
| 037 | _bJanvani Parkashan/Ven | ||
| 037 | _bDBAD/PUB | ||
| 082 | _a520 | ||
| 245 |
_aCompetitive space and solar system knowledge bank / _cedited by Vani Mazumdar |
||
| 260 |
_aDelhi _bSwarjya Mandir Prakashan _c2012 |
||
| 270 |
_aBlock C-8, H.No.174, Yamuna Vihaar _bDelhi _e110053 |
||
| 300 |
_a144p. _c22cm(Hb) |
||
| 520 | _a13-14EN | ||
| 700 | _aMazumdar, Vani | ||
| 942 |
_2ddc _cEN _h520 _mCOM |
||
| 999 |
_c85077 _d85077 |
||